| Tag |
First Indicator |
Second Indicator |
Subfields |
| LEADER |
00000cam a2200000Ia 4500 |
| 001 |
in00002590521 |
| 005 |
20211202193112.0 |
| 006 |
m d f |
| 007 |
cr mn||||||||| |
| 008 |
091012s2009 coua st f000 0 eng d |
| 035 |
|
|
|a (OCoLC)ocn456083856
|
| 040 |
|
|
|a SOE
|c SOE
|d SOE
|d GPO
|d MvI
|d UtOrBLW
|
| 049 |
|
|
|a WWW
|
| 074 |
|
|
|a 0430-P-03 (online)
|
| 086 |
0 |
|
|a E 9.16:NREL/TP-550-46101
|
| 245 |
0 |
0 |
|a Grocery store 50% energy savings :
|b technical support document /
|c Matthew Leach [and others].
|
| 246 |
3 |
|
|a Grocery store fifty percent energy savings
|
| 264 |
|
1 |
|a Golden, CO :
|b National Renewable Energy Laboratory,
|c [2009]
|
| 300 |
|
|
|a 1 online resource (xiv, 156 pages) :
|b digital, PDF file.
|
| 336 |
|
|
|a text
|b txt
|2 rdacontent
|
| 337 |
|
|
|a computer
|b c
|2 rdamedia
|
| 338 |
|
|
|a online resource
|b cr
|2 rdacarrier
|
| 490 |
1 |
|
|a NREL/TP ;
|v 550-46101
|
| 500 |
|
|
|a Title from title screen (viewed October 12, 2009).
|
| 500 |
|
|
|a "September 2009."
|
| 500 |
|
|
|a "Contract number DE-AC36-08-GO28308."
|
| 520 |
3 |
|
|a This report documents technical analysis for grocery stores aimed at providing design guidance that achieves whole-building energy savings of at least 50% over ASHRAE Standard 90.1-2004. It documents the modeling and integrated analysis methods used to identify cost-effective sets of recommendations for different locations; demonstrates sets of recommendations that meet or exceed the 50% goal; establishes methodology for providing a family of solutions, as opposed to a single solution, that meet the 50% goal as a means of exploring the relative importance of specific design strategies; demonstrates the dependence of the percent energy savings metric on the building standard used to establish the baseline; and explores the effect of floor area on energy use intensity.
|
| 500 |
|
|
|a Electronic resource.
|
| 650 |
|
0 |
|a Architecture and energy conservation
|v Handbooks, manuals, etc.
|
| 650 |
|
0 |
|a Commercial buildings
|x Design and construction.
|
| 650 |
|
0 |
|a Sustainable architecture.
|
| 650 |
|
0 |
|a Daylighting.
|
| 776 |
0 |
8 |
|i Paper version:
|t Grocery store 50% energy savings.
|w (OCoLC)535480210
|
| 700 |
1 |
|
|a Leach, Matthew,
|d 1968-
|
| 710 |
2 |
|
|a National Renewable Energy Laboratory (U.S.)
|
| 830 |
|
0 |
|a NREL/TP ;
|v 550-46101.
|
| 856 |
4 |
0 |
|u https://purl.fdlp.gov/GPO/LPS119828
|t 0
|
| 999 |
|
|
|a MARS
|
| 999 |
f |
f |
|s aea7f657-8356-39ef-af67-b8955947820d
|i bfb51c6e-5ecc-3966-980e-e94ad8636863
|t 0
|
| 952 |
f |
f |
|a Texas A&M University
|b College Station
|c Electronic Resources
|d Available Online
|t 0
|e E 9.16:NREL/TP-550-46101
|h Superintendent of Documents classification
|
| 998 |
f |
f |
|a E 9.16:NREL/TP-550-46101
|t 0
|l Available Online
|